[Event "Titled Tuesday intern op 29th Aug Late"]
[Site "Chess.com INT"]
[Date "2023.08.29"]
[Round "10"]
[White "Joubert, Dantelle"]
[Black "Chemin, Justo Reinaldo"]
[Result "1-0"]
[WhiteElo "1566"]
[BlackElo "2040"]
[PlyCount "53"]
[EventDate "2023.08.29"]
[EventType "swiss (blitz)"]
[EventRounds "11"]
[EventCountry "USA"]
[SourceTitle "EXT 2024"]
[Source "ChessBase"]
[SourceDate "2023.10.10"]
[SourceVersion "1"]
[SourceVersionDate "2023.10.10"]
[SourceQuality "1"]

1. e4 e6 2. d3 d5 3. Nd2 b6 4. g3 Bb7 5. Bg2 Nf6 6. Nh3 c5 7. 0-0 Be7 8. Re1 0-0 9. e5 Nfd7 10. f4 Nc6 11. Qg4 Re8 12. Nf3 Nf8 13. Bd2 Rc8 14. Nhg5 h6 15. h4 Nb4 16. Bxb4 cxb4 17. Re2 hxg5 18. Nxg5 Bxg5 19. hxg5 Ng6 20. Rf1 Re7 21. Qh5 Qc7 22. Bf3 Qc5+ 23. Kg2 d4 24. Rh1 Bxf3+ 25. Kxf3 Kf8 26. Qh8+ Nxh8 27. Rxh8# 1-0

[Event "Titled Tuesday intern op 22nd Aug Late"]
[Site "Chess.com INT"]
[Date "2023.08.22"]
[Round "3"]
[White "Joubert, Dantelle"]
[Black "Jakubowska, Anna"]
[Result "0-1"]
[WhiteElo "1566"]
[BlackElo "2139"]
[PlyCount "76"]
[EventDate "2023.08.22"]
[EventType "swiss (blitz)"]
[EventRounds "11"]
[EventCountry "USA"]
[SourceTitle "EXT 2024"]
[Source "ChessBase"]
[SourceDate "2023.10.10"]
[SourceVersion "1"]
[SourceVersionDate "2023.10.10"]
[SourceQuality "1"]

1. e4 c5 2. Nf3 e6 3. d3 d5 4. Nbd2 Nc6 5. g3 Nf6 6. Bg2 Be7 7. 0-0 0-0 8. Re1 Rb8 9. c3 b5 10. h4 b4 11. Qe2 Ba6 12. c4 dxe4 13. dxe4 Nd4 14. Nxd4 cxd4 15. b3 Nd7 16. e5 Bb7 17. Ne4 Nxe5 18. Bf4 d3 19. Qd2 Bxe4 20. Rxe4 Nd7 21. Bxb8 Qxb8 22. Rg4 Bf6 23. Rd1 Nc5 24. Qf4 Qd8 25. Be4 Kh8 26. h5 Bc3 27. h6 g6 28. Qe3 f5 29. Bxd3 fxg4 30. Be2 Qc7 31. Bxg4 e5 32. a3 Bd4 33. Rxd4 exd4 34. Qxd4+ Kg8 35. Qd5+ Rf7 36. Qa8+ Rf8 37. Qd5+ Qf7 38. Qxc5 bxa3 0-1

[Event "Titled Tuesday intern op 22nd Aug Late"]
[Site "Chess.com INT"]
[Date "2023.08.22"]
[Round "1"]
[White "Keleberda, Timur"]
[Black "Joubert, Dantelle"]
[Result "1-0"]
[WhiteElo "2301"]
[BlackElo "1566"]
[PlyCount "121"]
[EventDate "2023.08.22"]
[EventType "swiss (blitz)"]
[EventRounds "11"]
[EventCountry "USA"]
[SourceTitle "EXT 2024"]
[Source "ChessBase"]
[SourceDate "2023.10.10"]
[SourceVersion "1"]
[SourceVersionDate "2023.10.10"]
[SourceQuality "1"]

1. d4 d5 2. c4 e6 3. Nc3 Nf6 4. Bg5 Be7 5. cxd5 Nxd5 6. Bxe7 Qxe7 7. Nf3 0-0 8. e4 Nxc3 9. bxc3 c5 10. Bd3 cxd4 11. cxd4 Qb4+ 12. Kf1 h6 13. Rb1 Qe7 14. g3 Nc6 15. Kg2 Rd8 16. Bc2 b6 17. Re1 Bb7 18. Qd2 Rac8 19. Rbd1 Qb4 20. d5 Qxd2 21. Rxd2 Nb4 22. Bb3 exd5 23. Red1 Rc5 24. a3 Rc3 25. Rb1 Rxf3 26. Kxf3 dxe4+ 27. Ke3 Nd5+ 28. Bxd5 Rxd5 29. Rxd5 Bxd5 30. Rd1 Bc6 31. Rd6 Bb5 32. Rd8+ Kh7 33. Kxe4 Kg6 34. f4 Bc6+ 35. Ke5 f6+ 36. Kd6 Bf3 37. Rd7 a5 38. Ra7 Be2 39. Kc6 b5 40. Rxa5 Kf5 41. a4 Kg4 42. axb5 Kh3 43. Ra2 Bf3+ 44. Kc7 Bg2 45. b6 Kxh2 46. Rxg2+ Kxg2 47. b7 Kxg3 48. b8Q h5 49. Qh8 g5 50. f5 h4 51. Qxf6 g4 52. Qe5+ Kg2 53. Qf4 Kh3 54. f6 g3 55. f7 g2 56. Qf3+ Kh2 57. Qf2 Kh1 58. f8Q h3 59. Q8f3 Kh2 60. Q3g3+ Kh1 61. Qxh3# 1-0

[Event "Titled Tuesday intern op 15th Aug Late"]
[Site "Chess.com INT"]
[Date "2023.08.15"]
[Round "7"]
[White "Ai, Evan Zihao"]
[Black "Joubert, Dantelle"]
[Result "1-0"]
[WhiteElo "2199"]
[BlackElo "1566"]
[PlyCount "101"]
[EventDate "2023.08.15"]
[EventType "swiss (blitz)"]
[EventRounds "11"]
[EventCountry "USA"]
[SourceTitle "EXT 2024"]
[Source "ChessBase"]
[SourceDate "2023.10.10"]
[SourceVersion "1"]
[SourceVersionDate "2023.10.10"]
[SourceQuality "1"]

1. e4 c5 2. Nf3 d6 3. d4 cxd4 4. Nxd4 Nf6 5. Nc3 g6 6. f3 Bg7 7. Be3 0-0 8. Qd2 Nc6 9. Bc4 Nxd4 10. Bxd4 Be6 11. Bxe6 fxe6 12. 0-0 a6 13. Rad1 b5 14. a4 b4 15. Ne2 a5 16. b3 Rc8 17. Be3 e5 18. c4 bxc3 19. Nxc3 Qc7 20. Nb5 Qc2 21. Qxc2 Rxc2 22. Rc1 Rfc8 23. Na7 R8c3 24. Rxc2 Rxc2 25. Rc1 Rb2 26. Nc6 Rxb3 27. Bd2 Ra3 28. Nxe7+ Kf8 29. Nc8 Rxa4 30. Nxd6 Ra2 31. Nc4 Nd7 32. Bxa5 Kf7 33. Bb4 Bh6 34. Rd1 Ke8 35. Nd6+ Ke7 36. Nf5+ Ke8 37. Nxh6 Nf6 38. Ng4 Nxg4 39. fxg4 Re2 40. Bd6 Rxe4 41. Rd5 Rxg4 42. Rxe5+ Kd7 43. Bc5 h5 44. h3 Rc4 45. Rg5 Ke8 46. Be3 Kf7 47. g4 hxg4 48. Rxg4 Rc3 49. Rg3 Rd3 50. Bf4 Rd4 51. Rf3 1-0

[Event "Titled Tuesday intern op 01st Aug Late"]
[Site "Chess.com INT"]
[Date "2023.08.01"]
[Round "3"]
[White "Chabris, Christopher"]
[Black "Joubert, Dantelle"]
[Result "1/2-1/2"]
[WhiteElo "2051"]
[BlackElo "1566"]
[PlyCount "92"]
[EventDate "2023.08.01"]
[EventType "swiss (blitz)"]
[EventRounds "11"]
[EventCountry "USA"]
[SourceTitle "EXT 2024"]
[Source "ChessBase"]
[SourceDate "2023.10.10"]
[SourceVersion "1"]
[SourceVersionDate "2023.10.10"]
[SourceQuality "1"]

1. e4 c5 2. Nf3 d6 3. Bb5+ Bd7 4. Bxd7+ Nxd7 5. 0-0 g6 6. c3 Bg7 7. d4 cxd4 8. cxd4 Ngf6 9. Qe2 0-0 10. Nc3 a6 11. e5 Ne8 12. e6 fxe6 13. Qxe6+ Kh8 14. Ng5 Nc7 15. Nf7+ Rxf7 16. Qxf7 Bxd4 17. Be3 Bg7 18. f4 Qf8 19. Qc4 Rc8 20. Rac1 Nb5 21. Qe6 Nxc3 22. bxc3 Nc5 23. Bxc5 Rxc5 24. c4 Bd4+ 25. Kh1 Qf6 26. Qd7 Rh5 27. Rce1 e5 28. Qg4 Rf5 29. g3 e4 30. Qe2 e3 31. Qf3 Qf7 32. Rxe3 Bxe3 33. Qxe3 Qxc4 34. Qe8+ Kg7 35. Re1 Qc6+ 36. Qxc6 bxc6 37. Re6 Rd5 38. Kg2 Rd2+ 39. Kf3 Rxa2 40. Rxd6 Rxh2 41. Rxc6 Ra2 42. g4 Ra3+ 43. Ke4 Ra4+ 44. Kf3 Ra3+ 45. Ke4 Ra4+ 46. Kf3 Ra3+ 1/2-1/2

[Event "Titled Tuesday intern op 18th Jul Late"]
[Site "Chess.com INT"]
[Date "2023.07.18"]
[Round "5"]
[White "Delgado Kuffo, Andres"]
[Black "Joubert, Dantelle"]
[Result "1-0"]
[WhiteElo "2320"]
[BlackElo "1566"]
[PlyCount "49"]
[EventDate "2023.07.18"]
[EventType "swiss (blitz)"]
[EventRounds "11"]
[EventCountry "USA"]
[SourceTitle "EXT 2024"]
[Source "ChessBase"]
[SourceDate "2023.10.10"]
[SourceVersion "1"]
[SourceVersionDate "2023.10.10"]
[SourceQuality "1"]

1. e4 c5 2. Nf3 d6 3. d4 cxd4 4. Qxd4 Nc6 5. Bb5 Bd7 6. Qd3 g6 7. Nc3 Bg7 8. Bg5 Nf6 9. 0-0-0 Ng4 10. Rd2 0-0 11. Nd5 f6 12. Bf4 Nce5 13. Qb3 Kh8 14. Bxd7 Qxd7 15. h3 Nxf3 16. gxf3 Ne5 17. Bg3 Rfe8 18. f4 Nc6 19. f5 gxf5 20. exf5 Qxf5 21. Nc7 Bh6 22. f4 Bxf4 23. Bxf4 Qxf4 24. Nxa8 Rxa8 25. Qxb7 1-0

[Event "Titled Tuesday intern op 18th Jul Late"]
[Site "Chess.com INT"]
[Date "2023.07.18"]
[Round "6"]
[White "Joubert, Dantelle"]
[Black "Calin, Alexandru"]
[Result "0-1"]
[WhiteElo "1566"]
[BlackElo "2162"]
[PlyCount "50"]
[EventDate "2023.07.18"]
[EventType "swiss (blitz)"]
[EventRounds "11"]
[EventCountry "USA"]
[SourceTitle "EXT 2024"]
[Source "ChessBase"]
[SourceDate "2023.10.10"]
[SourceVersion "1"]
[SourceVersionDate "2023.10.10"]
[SourceQuality "1"]

1. e4 e5 2. Nf3 Nc6 3. Nc3 Nf6 4. a3 g6 5. Nxe5 Nxe5 6. d4 Nc6 7. d5 Ne5 8. f4 Neg4 9. e5 Bc5 10. exf6 Nxf6 11. Qe2+ Kf8 12. Be3 d6 13. Bxc5 dxc5 14. 0-0-0 Bg4 15. Qc4 Bxd1 16. Qxc5+ Kg7 17. Kxd1 Qd7 18. Bc4 Qg4+ 19. Kc1 Qxf4+ 20. Kb1 Qd6 21. Qd4 Rhe8 22. Rf1 Qe5 23. Qh4 h6 24. Rf2 g5 25. Qh3 Qe1+ 0-1

[Event "Titled Tuesday intern op 06th Jun Early"]
[Site "Chess.com INT"]
[Date "2023.06.06"]
[Round "7"]
[White "Joubert, Dantelle"]
[Black "Rouast, Joseph"]
[Result "0-1"]
[WhiteElo "1566"]
[BlackElo "2189"]
[PlyCount "52"]
[EventDate "2023.06.06"]
[EventType "swiss (blitz)"]
[EventRounds "11"]
[EventCountry "USA"]
[SourceTitle "EXT 2024"]
[Source "ChessBase"]
[SourceDate "2023.10.10"]
[SourceVersion "1"]
[SourceVersionDate "2023.10.10"]
[SourceQuality "1"]

1. e4 e5 2. Nf3 Nf6 3. Nc3 Nc6 4. a3 Be7 5. d4 exd4 6. Nxd4 d6 7. Bc4 0-0 8. 0-0 Bd7 9. f3 a6 10. Be3 Nxd4 11. Bxd4 Bc6 12. Qd2 b5 13. Ba2 Bb7 14. Rad1 Nd7 15. Nd5 Ne5 16. Nxe7+ Qxe7 17. f4 Nc4 18. Bxc4 bxc4 19. Qc3 Qxe4 20. Rf2 f6 21. Re1 Qd5 22. Rd2 Rae8 23. Red1 Qf7 24. Qb4 Bd5 25. Qa5 c6 26. Qxa6 Ra8 0-1

[Event "Titled Tuesday intern op 30th May Early"]
[Site "Chess.com INT"]
[Date "2023.05.30"]
[Round "2"]
[White "Joubert, Dantelle"]
[Black "Gatterer, Florian"]
[Result "1-0"]
[WhiteElo "1566"]
[BlackElo "2170"]
[PlyCount "41"]
[EventDate "2023.05.30"]
[EventType "swiss (blitz)"]
[EventRounds "11"]
[EventCountry "USA"]
[SourceTitle "CBM 214 Extra"]
[Source "ChessBase"]
[SourceDate "2023.07.31"]
[SourceVersion "1"]
[SourceVersionDate "2023.07.31"]
[SourceQuality "1"]

1. e4 d6 2. d4 Nf6 3. Nc3 g6 4. f3 a6 5. Be3 b5 6. Qd2 Nbd7 7. 0-0-0 c6 8. Kb1 Bb7 9. Bd3 Qc7 10. Nh3 e5 11. f4 exd4 12. Bxd4 c5 13. Bxf6 Nxf6 14. e5 dxe5 15. fxe5 Nd7 16. e6 fxe6 17. Ng5 Qb6 18. Rhe1 e5 19. Be4 Bh6 20. Qxd7+ Kf8 21. Qf7# 1-0

[Event "Titled Tuesday intern op 30th May Early"]
[Site "Chess.com INT"]
[Date "2023.05.30"]
[Round "4"]
[White "Sprenar, Petr"]
[Black "Joubert, Dantelle"]
[Result "1-0"]
[WhiteElo "2312"]
[BlackElo "1566"]
[PlyCount "69"]
[EventDate "2023.05.30"]
[EventType "swiss (blitz)"]
[EventRounds "11"]
[EventCountry "USA"]
[SourceTitle "CBM 214 Extra"]
[Source "ChessBase"]
[SourceDate "2023.07.31"]
[SourceVersion "1"]
[SourceVersionDate "2023.07.31"]
[SourceQuality "1"]

1. d4 d5 2. c4 c6 3. cxd5 cxd5 4. Bf4 Nc6 5. Nc3 Nf6 6. e3 a6 7. Be2 e6 8. Rc1 Bd6 9. Bxd6 Qxd6 10. f4 0-0 11. Nf3 Ne4 12. Nxe4 dxe4 13. Ne5 Nxe5 14. fxe5 Qb4+ 15. Qd2 Qxd2+ 16. Kxd2 f6 17. exf6 gxf6 18. Rc7 Rf7 19. Rhc1 Rxc7 20. Rxc7 f5 21. g4 b5 22. g5 Rb8 23. h4 Bb7 24. h5 Bd5 25. b3 a5 26. Kc3 a4 27. Kb4 axb3 28. axb3 Ra8 29. Bxb5 Ra2 30. Rc8+ Kg7 31. h6+ Kg6 32. Rg8+ Kh5 33. Be8+ Kh4 34. g6 hxg6 35. h7 1-0

[Event "Titled Tuesday intern op 16th May Late"]
[Site "Chess.com INT"]
[Date "2023.05.16"]
[Round "4"]
[White "Joubert, Dantelle"]
[Black "Vifleemskaia, Svetlana"]
[Result "0-1"]
[WhiteElo "1566"]
[BlackElo "1971"]
[PlyCount "80"]
[EventDate "2023.05.16"]
[EventType "swiss (blitz)"]
[EventRounds "11"]
[EventCountry "USA"]
[SourceTitle "CBM 214 Extra"]
[Source "ChessBase"]
[SourceDate "2023.07.31"]
[SourceVersion "1"]
[SourceVersionDate "2023.07.31"]
[SourceQuality "1"]

1. d4 Nf6 2. c4 e6 3. Nc3 Bb4 4. e3 0-0 5. Nge2 Ne4 6. Qc2 f5 7. a3 Bxc3+ 8. Nxc3 Nxc3 9. Qxc3 b6 10. Be2 Bb7 11. 0-0 Qg5 12. e4 f4 13. f3 d6 14. Bd2 Nd7 15. c5 bxc5 16. Bb5 c6 17. Ba4 cxd4 18. Qxd4 Qc5 19. Bc3 e5 20. Bb3+ Kh8 21. Qf2 Qxf2+ 22. Kxf2 Nc5 23. Bc2 Ba6 24. Rfd1 Rfd8 25. Bb4 Kg8 26. Bxc5 dxc5 27. Rac1 c4 28. Ba4 Bb5 29. Bc2 Kf7 30. a4 Ba6 31. b3 Ke7 32. bxc4 Bxc4 33. Rxd8 Rxd8 34. Bb1 Rd4 35. Ke1 Kd6 36. Bc2 Kc5 37. Rb1 Rd7 38. Rb8 Kd4 39. Kd2 Bf1 40. Bb3 Bxg2 0-1

[Event "Titled Tuesday intern op 16th May Early"]
[Site "Chess.com INT"]
[Date "2023.05.16"]
[Round "1"]
[White "Koshulyan, Egor A"]
[Black "Joubert, Dantelle"]
[Result "1-0"]
[WhiteElo "2136"]
[BlackElo "1566"]
[PlyCount "55"]
[EventDate "2023.05.16"]
[EventType "swiss (blitz)"]
[EventRounds "11"]
[EventCountry "USA"]
[SourceTitle "CBM 214 Extra"]
[Source "ChessBase"]
[SourceDate "2023.07.31"]
[SourceVersion "1"]
[SourceVersionDate "2023.07.31"]
[SourceQuality "1"]

1. e4 c5 2. Nf3 d6 3. d4 cxd4 4. Qxd4 Nf6 5. Nc3 Nc6 6. Bb5 Bd7 7. Bxc6 Bxc6 8. Bg5 e6 9. 0-0-0 Be7 10. Qd3 Qa5 11. Kb1 0-0-0 12. Rhe1 h6 13. Be3 d5 14. e5 Ne4 15. Bd4 Bb4 16. Re2 Nxc3+ 17. Bxc3 Bb5 18. Bxb4 Qxb4 19. Qd2 Qg4 20. Re3 g5 21. Nd4 Ba6 22. f3 Qh5 23. Qb4 Rd7 24. Rc3+ Kb8 25. h3 Qg6 26. Nb3 Bc4 27. Rxc4 dxc4 28. Rxd7 1-0

[Event "Titled Tuesday intern op 09th May Late"]
[Site "Chess.com INT"]
[Date "2023.05.09"]
[Round "7"]
[White "Joubert, Dantelle"]
[Black "Serban, Cristian Stefan"]
[Result "0-1"]
[WhiteElo "1566"]
[BlackElo "2214"]
[PlyCount "76"]
[EventDate "2023.05.09"]
[EventType "swiss (blitz)"]
[EventRounds "11"]
[EventCountry "USA"]
[SourceTitle "CBM 214 Extra"]
[Source "ChessBase"]
[SourceDate "2023.07.31"]
[SourceVersion "1"]
[SourceVersionDate "2023.07.31"]
[SourceQuality "1"]

1. d4 g6 2. e4 Bg7 3. Nc3 a6 4. Be3 c6 5. Qd2 d5 6. e5 h5 7. 0-0-0 Nh6 8. h3 Nf5 9. Bg5 Bh6 10. Nf3 Bxg5 11. Nxg5 Ng7 12. Bd3 e6 13. g4 h4 14. f4 c5 15. dxc5 Nc6 16. Rhf1 Qe7 17. Qf2 Nxe5 18. fxe5 Qxg5+ 19. Kb1 0-0 20. Rde1 Bd7 21. Ne2 Rac8 22. Nd4 Qe7 23. Nf3 Rxc5 24. Nxh4 Bb5 25. Bxb5 Rxb5 26. Nf3 Rc8 27. h4 Rbc5 28. Re2 Rc4 29. Rg1 Qc5 30. Qg2 d4 31. a3 Rc6 32. h5 Rb6 33. hxg6 Qxa3 34. gxf7+ Kf8 35. b3 Ra4 36. c4 Qa1+ 37. Kc2 Qc3+ 38. Kd1 Ra1# 0-1

[Event "Titled Tuesday intern op 02nd May Late"]
[Site "Chess.com INT"]
[Date "2023.05.02"]
[Round "11"]
[White "Golubev, Mikhail"]
[Black "Joubert, Dantelle"]
[Result "1-0"]
[WhiteElo "2461"]
[BlackElo "1566"]
[PlyCount "69"]
[EventDate "2023.05.02"]
[EventType "swiss (blitz)"]
[EventRounds "11"]
[EventCountry "USA"]
[SourceTitle "EXT 2024"]
[Source "ChessBase"]
[SourceDate "2023.10.10"]
[SourceVersion "1"]
[SourceVersionDate "2023.10.10"]
[SourceQuality "1"]

1. Na3 d5 2. c3 e6 3. Nc2 Nf6 4. Nf3 Be7 5. d4 0-0 6. g3 c5 7. dxc5 Bxc5 8. Bg2 Ne4 9. 0-0 Nc6 10. Be3 Bd6 11. c4 dxc4 12. Nfd4 Nxd4 13. Nxd4 Nf6 14. Nb5 Be5 15. Qc2 Qa5 16. Na3 c3 17. Nc4 Qc7 18. Nxe5 Qxe5 19. bxc3 Bd7 20. Bxb7 Rab8 21. Bf4 Qb5 22. Rab1 Qh5 23. Bf3 Ng4 24. Bxg4 Qxg4 25. Rxb8 Rxb8 26. Bxb8 Bc6 27. f3 Qc4 28. Qd3 Qc5+ 29. Qd4 Qb5 30. Qd8+ Be8 31. Bd6 h5 32. c4 Qc6 33. c5 Kh7 34. Qg5 g6 35. Qf6 1-0